000 00578nam a2200193Ia 4500
005 20250508153853.0
008 008 250505s9999 xx 000 0 eng d
037 _aTextual
040 _aFEDL
_beng
_cFEDL
041 _aeng
_2eng
084 _a371.26, THO
_qFEDL
100 _aThorndike Robert L
_9127737
245 0 _aMeasurement and evaluation in psychology and education
260 _aNew York, USA
_bJohn Wiley and Sons
_c1955
300 _aviii,575p.
700 _a Hagen Elizabeth
_9764590
942 _cTEXL
_h371.26, THO
999 _c1346057
_d1346057